000 01059nam a2200253 i 4500
001 bg
245 0 0 _aKompendium międzynarodowych uregulowań prawno-ekonomicznych organizmów żywych oraz żywności genetycznie modyfikowanej /
_cHenryk Maciołek [et al.] ; Wyższa Szkoła Ekonomii i Administracji w Bytomiu.
260 _aBytom :
_bWyższa Szkoła Ekonomii i Administracji,
_c2005.
300 _a520 s. :
_bfot. ;
_c24 cm.
504 _aBibliogr., wykaz aktów prawnych.
650 9 _aOrganizmy transgeniczne
_xprawo międzynarodowe
_ystan na 2005 r.
650 9 _aOrganizmy transgeniczne
_xprawo
_zPolska
_ystan na 2005 r.
650 9 _aŻywność transgeniczna
_xprawo międzynarodowe
_zPolska
_ystan na 2005 r.
650 9 _aŻywność transgeniczna
_xprawo
_zPolska
_ystan na 2005 r.
700 1 _aMaciołek, Henryk.
020 _a8388587374
040 _cBPK
041 0 _apol
044 _aPOL
080 _a604.6:663/664:349.6](438)(094.4):341.24(094.4)
920 _a83-88587-37-4
942 _cKS
008 s pl f |000 0 pol
999 _c54103
_d54103
856 _uhttp://koha.tu.koszalin.pl/cgi-bin/koha/opac-detail.pl?biblionumber=54103
_yKatalog online BPK